[Event "Collado Villalba 64 op 5th"]
[Site "Collado Villalba"]
[Date "2017.07.30"]
[Round "8"]
[White "Pareja Cerrato, Antonio"]
[Black "Garcia Gil, Yvan"]
[Result "1-0"]
[WhiteElo "1525"]
[BlackElo "1244"]
[PlyCount "109"]
[EventDate "2017.07.23"]
[EventType "swiss"]
[EventRounds "9"]
[EventCountry "ESP"]
[SourceTitle "CBM 179 Extra"]
[Source "ChessBase"]
[SourceDate "2017.08.23"]
[SourceVersion "1"]
[SourceVersionDate "2017.08.23"]
[SourceQuality "1"]

1. e4 d6 2. d4 Nf6 3. Nc3 g6 4. Bf4 Nc6 5. Bb5 Nh5 6. Be3 Nf6 7. h3 Bg7 8. e5 dxe5 9. dxe5 Qxd1+ 10. Rxd1 Nd7 11. Nd5 Bxe5 12. Nf3 Bd6 13. Nd4 Nxd4 14. Bxd4 e5 15. Bxd7+ Bxd7 16. Nf6+ Kd8 17. Bxe5 Bxe5 18. Nxd7 Bd6 19. Nf6 Ke7 20. Nd5+ Kd7 21. 0-0 Rad8 22. Rfe1 Kc8 23. Kf1 c6 24. Nf6 Bb4 25. c3 Rxd1 26. Rxd1 Be7 27. Ng4 h5 28. Ne5 Rf8 29. g3 Rd8 30. Rxd8+ Kxd8 31. Nxf7+ Kd7 32. Ne5+ Ke6 33. Nxg6 Bg5 34. f4 Bf6 35. Ke2 Kf5 36. Ne5 Bxe5 37. fxe5 Kxe5 38. Ke3 Kf5 39. a4 a5 40. b4 b6 41. bxa5 bxa5 42. Kd4 Ke6 43. c4 Kd6 44. c5+ Ke6 45. g4 h4 46. g5 Kf5 47. g6 Kxg6 48. Ke5 Kg5 49. Kd6 Kf4 50. Kxc6 Kg3 51. Kb6 Kxh3 52. c6 Kg3 53. c7 h3 54. c8Q h2 55. Qc7+ 1-0

[Event "Collado Villalba 64 op 4th"]
[Site "Collado Villalba"]
[Date "2016.07.22"]
[Round "6"]
[White "Garcia Gil, Yvan"]
[Black "Lavado Pena, David"]
[Result "1-0"]
[WhiteElo "1199"]
[BlackElo "1060"]
[PlyCount "63"]
[EventDate "2016.07.17"]
[EventType "swiss"]
[EventRounds "9"]
[EventCountry "ESP"]
[SourceTitle "EXT 2017"]
[Source "ChessBase"]
[SourceDate "2016.10.25"]
[SourceVersion "1"]
[SourceVersionDate "2016.10.25"]
[SourceQuality "1"]

1. e4 c5 2. c3 Nc6 3. Nf3 g6 4. d4 cxd4 5. cxd4 e6 6. Be2 Bg7 7. 0-0 Nge7 8. Nc3 d5 9. e5 0-0 10. Nb5 Nf5 11. g4 a6 12. gxf5 axb5 13. f6 Bh8 14. Bh6 Re8 15. Bxb5 Qb6 16. a4 Rd8 17. h4 Rf8 18. h5 Bd7 19. hxg6 fxg6 20. Bxf8 Kxf8 21. Qd2 Ke8 22. Qh6 Nd8 23. Bxd7+ Kxd7 24. Rfc1 Ke8 25. Qxh7 Nc6 26. Qxh8+ Kd7 27. Qxa8 Nd8 28. Kg2 Ke8 29. Rh1 Kd7 30. Rac1 Ke8 31. Rh8+ Kd7 32. Qc8# 1-0

[Event "Collado Villalba 64 op 4th"]
[Site "Collado Villalba"]
[Date "2016.07.20"]
[Round "4.12"]
[White "Giganto Diaz, Jesus"]
[Black "Garcia Gil, Yvan"]
[Result "1-0"]
[WhiteElo "1296"]
[BlackElo "1199"]
[PlyCount "85"]
[EventDate "2016.07.17"]
[EventType "swiss"]
[EventRounds "9"]
[EventCountry "ESP"]
[SourceTitle "EXT 2017"]
[Source "ChessBase"]
[SourceDate "2016.10.25"]
[SourceVersion "1"]
[SourceVersionDate "2016.10.25"]
[SourceQuality "1"]

1. e4 c5 2. Nf3 Nc6 3. Bc4 Nf6 4. d3 e5 5. a3 Qc7 6. Nc3 Be7 7. 0-0 0-0 8. Bd2 a6 9. Nd5 Nxd5 10. Bxd5 Nd4 11. Nxd4 cxd4 12. Rc1 Qb6 13. b4 Qg6 14. f4 exf4 15. Bxf4 Rb8 16. Bxb8 d6 17. Kh1 Bg4 18. Qe1 Rxb8 19. Bxf7+ Qxf7 20. Rxf7 Kxf7 21. Qf2+ Bf6 22. h3 Bd7 23. Rf1 h6 24. Qxd4 Ke7 25. Qf2 Rf8 26. g4 Rc8 27. d4 Bb5 28. Re1 Rc3 29. Kg2 Ba4 30. Re2 Rxa3 31. e5 dxe5 32. dxe5 Bc6+ 33. Kh2 Rf3 34. exf6+ Kxf6 35. Qd4+ Kg6 36. Re6+ Kf7 37. Rxc6 bxc6 38. Qd7+ Kg8 39. Qxc6 Rf6 40. Qd5+ Kh7 41. c4 Rg6 42. c5 Rg5 43. Qxg5 1-0

[Event "Villalba op 3rd"]
[Site "Villalba"]
[Date "2015.08.13"]
[Round "5"]
[White "Garcia Gil, Yvan"]
[Black "Fernandez Estremera, Fernando"]
[Result "0-1"]
[WhiteElo "1251"]
[BlackElo "1672"]
[PlyCount "36"]
[EventDate "2015.08.09"]
[EventType "swiss"]
[EventRounds "9"]
[EventCountry "ESP"]
[SourceTitle "EXT 2024"]
[Source "ChessBase"]
[SourceDate "2023.10.10"]
[SourceVersion "1"]
[SourceVersionDate "2023.10.10"]
[SourceQuality "1"]

1. e4 c5 2. Nf3 e6 3. d4 cxd4 4. Nxd4 a6 5. Be3 Qc7 6. Nc3 Nf6 7. Be2 Bb4 8. 0-0 Bxc3 9. bxc3 Nxe4 10. Bd3 Nxc3 11. Qe1 Nd5 12. Bd2 0-0 13. Rb1 Nf4 14. Bxh7+ Kxh7 15. Qe4+ Ng6 16. Rb3 Rh8 17. Qf3 Kg8 18. Rc3 Qxh2# 0-1

[Event "Villalba op 3rd"]
[Site "Villalba"]
[Date "2015.08.11"]
[Round "3"]
[White "Santos Valdivia, Victor Manuel"]
[Black "Garcia Gil, Yvan"]
[Result "1-0"]
[WhiteElo "1469"]
[BlackElo "1251"]
[PlyCount "65"]
[EventDate "2015.08.09"]
[EventType "swiss"]
[EventRounds "9"]
[EventCountry "ESP"]
[SourceTitle "EXT 2024"]
[Source "ChessBase"]
[SourceDate "2023.10.10"]
[SourceVersion "1"]
[SourceVersionDate "2023.10.10"]
[SourceQuality "1"]

1. d4 Nf6 2. e3 d5 3. Bd3 g6 4. c4 Bg7 5. Nc3 0-0 6. cxd5 Nxd5 7. Nxd5 Qxd5 8. Nf3 Nc6 9. b3 Bg4 10. Be2 e5 11. dxe5 Qxd1+ 12. Bxd1 Bxf3 13. Bxf3 Nxe5 14. Be4 Nd3+ 15. Bxd3 Bxa1 16. Ke2 Rad8 17. Ba3 Rfe8 18. Rxa1 a5 19. Rc1 Rd7 20. Bb2 h5 21. Bc3 Red8 22. Rd1 Kh7 23. Bxa5 Ra8 24. Bc3 Rxa2+ 25. Ke1 Ra8 26. Bxg6+ Kxg6 27. Rxd7 Ra3 28. Be5 Rxb3 29. Bxc7 Kf6 30. Rd5 Rc3 31. Be5+ Ke6 32. Bxc3 Kxd5 33. Kd2 1-0

[Event "Villalba op 3rd"]
[Site "Villalba"]
[Date "2015.08.10"]
[Round "2"]
[White "Garcia Gil, Yvan"]
[Black "Santos Burkholz, Mario"]
[Result "0-1"]
[WhiteElo "1251"]
[BlackElo "1492"]
[PlyCount "74"]
[EventDate "2015.08.09"]
[EventType "swiss"]
[EventRounds "9"]
[EventCountry "ESP"]
[SourceTitle "EXT 2024"]
[Source "ChessBase"]
[SourceDate "2023.10.10"]
[SourceVersion "1"]
[SourceVersionDate "2023.10.10"]
[SourceQuality "1"]

1. e4 e6 2. Nf3 d5 3. e5 c5 4. d4 Qb6 5. Nc3 Nc6 6. Bb5 Bd7 7. Bxc6 Bxc6 8. 0-0 Bb5 9. Nxb5 Qxb5 10. Ng5 h6 11. a4 Qb6 12. a5 Qb5 13. Qh5 g6 14. Nxe6 Qxf1+ 15. Kxf1 gxh5 16. Nc7+ Kd8 17. Nxa8 Kc8 18. a6 bxa6 19. Rxa6 Kb7 20. Ra5 Kxa8 21. dxc5 Kb7 22. b4 a6 23. Be3 Ne7 24. b5 axb5 25. Rxb5+ Kc7 26. h4 Nc6 27. f4 Bg7 28. c3 Rb8 29. Rxb8 Kxb8 30. Ke2 Kc7 31. Kf3 Kd7 32. g4 hxg4+ 33. Kxg4 Ke6 34. Bf2 f6 35. exf6 Kxf6 36. h5 Kf7 37. Kf5 Bxc3 0-1